| 000 | 00731nam a2200229 i 4500 | ||
|---|---|---|---|
| 001 | 23555 | ||
| 003 | ES-MaACL | ||
| 005 | 20250911062825.0 | ||
| 007 | t| | ||
| 008 | 150905s1980 sp ||||1| spa d | ||
| 020 | _a84-7053-225-1 | ||
| 080 | _a821.134.2-14"19" | ||
| 100 | 1 |
_aHierro, José, _d1922-2002 _963619 |
|
| 245 | 1 | 0 |
_aAntología / _cJosé Hierro ; selección e introducción de Aurora de Albornoz. |
| 260 |
_aMadrid : _bVisor, _c1980. |
||
| 300 |
_a318 p. ; _c20 cm. |
||
| 490 | 1 |
_aColección Visor de poesía ; _v123 |
|
| 700 | 0 |
_aAlbornoz, Aurora de, _d1926-1990 _919411 |
|
| 830 | 0 |
_aColección Visor de poesía _v123 _9177331 |
|
| 852 |
_aES-MaACL _jL-30139 _z.- Donat. Miguel A. Velasco |
||
| 999 |
_c23555 _d23555 |
||